| 000 | 00738nam a2200217 i 4500 | ||
|---|---|---|---|
| 001 | 115352 | ||
| 003 | ES-MaACL | ||
| 005 | 20250825062549.0 | ||
| 007 | t| | ||
| 008 | 070307s1929 sp |||| | spa d | ||
| 080 | _a821.134.2.23"19" | ||
| 100 | 1 |
_aBenavente, Jacinto, _d1866-1954 _927443 |
|
| 245 | 1 | 3 |
_aLa Inmaculada de los Dolores _b: novela escénica en cinco cuadros, considerados tres actos / _cJacinto Benavente. |
| 260 |
_aMadrid : _bPrensa Moderna, _c1929. |
||
| 300 |
_a62 p. ; _c17 cm. |
||
| 490 | 1 |
_aEl Teatro moderno ; _v215 |
|
| 500 | _aEstrenada en el Teatro Lara, el día 30 de abril de 1918. | ||
| 830 | 0 | 3 |
_aEl teatro moderno (Prensa Moderna) _v215 _9182365 |
| 852 |
_aES-MaACL _jC-13083 |
||
| 999 |
_c115352 _d115352 |
||